MARC

LEADER 00000nam0a2200000 4500
001 349058
005 20231102010151.0
035 |a (RuTPU)RU\TPU\retro\1043 
090 |a 349058 
100 |a 20180410d1976 km y0rusy50 ca 
101 0 |a rus 
102 |a RU 
105 |a a z 001zy 
200 1 |a Ремонт, наладка и испытания систем регулирования паровых турбин  |f А. П. Агапов, А. М. Балашов, Р. А. Фрейгет 
210 |a Москва  |c Энергия  |d 1976 
215 |a 118 с.  |c ил. 
225 1 |a Библиотека тепломонтажника 
320 |a Библиогр.: с. 118 
606 1 |a Паровые турбины  |x Автоматическое регулирование  |2 stltpush  |3 (RuTPU)RU\TPU\subj\48246  |9 67123 
610 1 |a системы автоматического регулирования 
610 1 |a защита 
610 1 |a режимы 
610 1 |a рабочие жидкости 
610 1 |a ремонтное обслуживание 
610 1 |a датчики 
610 1 |a регуляторы 
610 1 |a скорость 
610 1 |a давление 
610 1 |a автоматы безопасности 
610 1 |a усилители 
610 1 |a исполнительные механизмы 
610 1 |a регулирующие органы 
610 1 |a промежуточные связи 
610 1 |a стопорные клапаны 
610 1 |a системы снабжения 
610 1 |a наладка 
610 1 |a испытания 
675 |a 621.165-5  |v 4 
700 1 |a Агапов  |b А. П.  |g Анатолий Павлович 
701 1 |a Балашов  |b А. М.  |g Александр Миронович 
701 1 |a Фрейгет  |b Р. А.  |g Рудольф Артурович 
801 1 |a RU  |b 63413507  |c 20180410 
801 2 |a RU  |b 63413507  |c 20191105  |g RCR 
942 |c BK